000 00574nam a22001817a 4500
999 _c2981
_d2981
003 AR-CdUCM
008 190305b ||||| |||| 00| 0 spa d
040 _aMUNICIPALIDAD PROVINCIAL DEL CUSCO
_cBIBLIOTECA MUNICIPAL DEL CUSCO
082 _a869.56/
_bC559P
100 _aChurata, Gamaliel
_91948
245 _aEl pez de oro (retablos del Laykhakuy) /
260 _aLima :
_bCORPUNO,
_c1987.
300 _aT.1
_c20 cm.
505 _aContenido :Identidad cultural andina peruana /
650 _aCuentos peruanos (Indígenas)
_910178
942 _2ddc
_cLIBROS
945 _arjall